| 000 | 00523nam a2200181Ia 4500 | ||
|---|---|---|---|
| 003 | GCL | ||
| 008 | 140319s9999 xx 000 0 eng d | ||
| 040 |
_aGCL / _cGCL |
||
| 082 | 0 | 4 |
_a333.7 _bC P |
| 100 | 1 | _aCHEREMESINOFF, POULN | |
| 245 | 1 | 0 |
_aPROFESSIONAL ENVIRONMENTAL AUDILOR'S GUIDEBOOK / _cCHEREMESINOFF, POULN |
| 700 | 1 | _aCHEREMSINOFF, NICHOLAS | |
| 260 |
_a[S.N] : _bnoyes publications ، _c1993 |
||
| 300 | _a257 P | ||
| 650 | 0 | 4 | _aENVIRONMENTAL AUDITING |
| 650 | 0 | 4 | _aREAL ESTATE BUSINESS |
| 942 |
_2ddc _cBK |
||
| 999 |
_c25138 _d25138 |
||